000 00332 a2200109 4500
001 ART_12932
005 20260410161910.0
008 260409a
245 1 0 _aEl control simplificado de standars.
100 1 _aRodríguez Jauregui, Hugo A.
773 0 _tCostos y gestión
_g- Año 15, Nº 57 (sep. 2005)
_wREV12786
999 _c26682
_d26682